|
|
|
|
| LEADER |
00000nam0a2200000 4500 |
| 001 |
645737 |
| 005 |
20260128091341.0 |
| 029 |
1 |
0 |
|a RU
|b 102160
|c Пат.
|d МПК H 02 P 21/13
|d МПК H 02 P 27/08
|
| 035 |
|
|
|a (RuTPU)RU\TPU\network\10828
|
| 035 |
|
|
|a RU\TPU\network\10674
|
| 039 |
0 |
|
|a RU
|b 2010135746/07
|c 20100826
|
| 090 |
|
|
|a 645737
|
| 100 |
|
|
|a 20160120j20110210k y0rusy50 ca
|
| 101 |
0 |
|
|a rus
|
| 102 |
|
|
|a RU
|
| 105 |
|
|
|a a k 000zy
|
| 135 |
|
|
|a drgn ---uucaa
|
| 181 |
|
0 |
|a i
|
| 182 |
|
0 |
|a b
|
| 200 |
1 |
|
|a Устройство управления асинхронным двигателем
|e описание полезной модели к патенту
|e № 102160
|e заявлено: 26.08.2010
|e опубликовано: 10.02.2011
|f К. С. Афанасьев, Т. А. Глазырина, А. С. Глазырин [и др.]
|g заявитель Федеральное государственное автономное образовательное учреждение высшего образования "Национальный исследовательский Томский политехнический университет"
|
| 203 |
|
|
|a Текст
|c электронный
|
| 330 |
|
|
|a Полезная модель относится к области электротехники, а именно к управлению асинхронными двигателями.
|
| 336 |
|
|
|a Текстовый файл
|
| 610 |
1 |
|
|a патенты
|
| 610 |
1 |
|
|a труды учёных ТПУ
|
| 610 |
1 |
|
|a электронный ресурс
|
| 610 |
1 |
|
|a изобретения
|
| 610 |
1 |
|
|a полезные модели
|
| 610 |
1 |
|
|a устройства управления
|
| 610 |
1 |
|
|a асинхронные двигатели
|
| 610 |
1 |
|
|a электротехника
|
| 679 |
0 |
|
|2 ipc
|a H02P 21/13 (2006.01)
|
| 679 |
0 |
|
|2 ipc
|a H02P 27/08 (2006.01)
|
| 701 |
|
1 |
|a Афанасьев
|b К. С.
|c специалист в области электротехники
|c доцент Томского политехнического университета, кандидат технических наук
|f 1987-
|g Кирилл Сергеевич
|3 (RuTPU)RU\TPU\pers\26491
|9 12193
|
| 701 |
|
1 |
|a Глазырина
|b Т. А.
|c специалист в области электротехники
|c аспирант, ассистент Томского политехнического университета
|f 1983-
|g Татьяна Анатольевна
|3 (RuTPU)RU\TPU\pers\26446
|9 12149
|
| 701 |
|
1 |
|a Глазырин
|b А. С.
|c специалист в области электротехники
|c профессор Томского политехнического университета, доктор технических наук
|f 1978-
|g Александр Савельевич
|3 (RuTPU)RU\TPU\pers\26445
|9 12148
|
| 701 |
|
1 |
|a Козлова
|b Л. Е.
|c специалист в области электротехники
|c доцент Томского политехнического университета, кандидат технических наук
|f 1985-
|g Людмила Евгеньевна
|3 (RuTPU)RU\TPU\pers\26455
|9 12158
|
| 701 |
|
1 |
|a Тимошкин
|b В. В.
|c специалист в области электротехники
|c доцент Томского политехнического университета, кандидат технических наук
|f 1986-
|g Вадим Владимирович
|3 (RuTPU)RU\TPU\pers\26467
|9 12170
|
| 701 |
|
1 |
|a Ланграф
|b С. В.
|c специалист в области электротехники
|c доцент Томского политехнического университета, кандидат технических наук
|f 1977-
|g Сергей Владимирович
|3 (RuTPU)RU\TPU\pers\25900
|9 11751
|
| 712 |
0 |
2 |
|a Национальный исследовательский Томский политехнический университет (ТПУ)
|c (2009- )
|3 (RuTPU)RU\TPU\col\15902
|
| 801 |
|
1 |
|a RU
|b 63413507
|c 20120201
|
| 801 |
|
2 |
|a RU
|b 63413507
|c 20160120
|g RCR
|
| 856 |
4 |
0 |
|u https://www.fips.ru/registers-doc-view/fips_servlet?DB=RUPM&DocNumber=102160&TypeFile=html
|z https://www.fips.ru/registers-doc-view/fips_servlet?DB=RUPM&DocNumber=102160&TypeFile=html
|
| 942 |
|
|
|c CF
|